000 00775nam a2200217Ia 4500
003 OSt
005 20260527104419.0
008 210210b1995 xxu||||| |||| 00| 0 eng d
040 _cAL
041 _aTULU
082 _aT894.9 TULT
100 _aTULUVER.
_dತುಳುವೆರ್
_9264678
245 _aTuluvale N A Shinappa Heggadr, Polali
_bತುಳುವಾಲೆ ಎನ್ ಎ ಶಿನಪ್ಪ ಹೆಗ್ಗಡ್ರ್ , ಪೊಳಲಿ
260 _aMangaluru
_bKarnataka Tulu Sahitya Academy
_c1995
300 _a38
440 _a Madappiyeravandi tuluver- 5
_9264681
690 _aBiography
_9264679
700 _aA Balakrashna Shetti Polali.
_dಎ ಬಾಲಕೃಷ್ಣ ಶೆಟ್ಟಿ ಪೊಳಲಿ.
_9264680
906 _a050974
942 _2ddc
_cBK
999 _c99626
_d99626